[Event "Hammersmith CC op"]
[Site "London"]
[Date "2022.06.04"]
[Round "1"]
[White "Bates, Richard"]
[Black "Stembridge, Edward"]
[Result "1-0"]
[WhiteElo "2397"]
[BlackElo "1945"]
[PlyCount "58"]
[EventDate "2022.06.04"]
[EventType "swiss"]
[EventRounds "6"]
[EventCountry "ENG"]
[SourceTitle "CBM 208 Extra"]
[Source "ChessBase"]
[SourceDate "2022.07.31"]
[SourceVersion "1"]
[SourceVersionDate "2022.07.31"]
[SourceQuality "1"]

1. d4 c6 2. Nf3 d5 3. c4 a6 4. g3 Bf5 5. Nc3 e6 6. Bg2 h6 7. 0-0 Nf6 8. Qb3 b5 9. cxd5 cxd5 10. Ne5 Be7 11. Bf4 0-0 12. Rac1 Re8 13. Rfd1 Bf8 14. h3 Nbd7 15. a4 bxa4 16. Qxa4 Nb6 17. Qb3 Nc8 18. Na4 Qa5 19. Nc5 Qb5 20. Qf3 Qxb2 21. Bxh6 gxh6 22. g4 Bc2 23. Qxf6 Nd6 24. Ned3 Bxd3 25. Nxd3 Qxe2 26. Nf4 Bg7 27. Qxg7+ Kxg7 28. Nxe2 a5 29. Rc6 Nb5 1-0

[Event "London Classic op U2050-B 11th"]
[Site "London"]
[Date "2019.12.04"]
[Round "3"]
[White "Wood, Peter R"]
[Black "Stembridge, Edward"]
[Result "1-0"]
[WhiteElo "1873"]
[BlackElo "1996"]
[PlyCount "89"]
[EventDate "2019.12.02"]
[EventType "swiss"]
[EventRounds "5"]
[EventCountry "ENG"]
[SourceTitle "CBM 195 Extra"]
[Source "ChessBase"]
[SourceDate "2020.05.31"]
[SourceVersion "1"]
[SourceVersionDate "2020.05.31"]
[SourceQuality "1"]

1. e4 c6 2. c4 d5 3. cxd5 cxd5 4. exd5 Nf6 5. Nc3 Nxd5 6. Nf3 g6 7. d4 Bg7 8. Qb3 Nxc3 9. bxc3 0-0 10. Be2 Qc7 11. 0-0 Nc6 12. Ba3 Be6 13. Qb5 a6 14. Qc5 b6 15. Qg5 h6 16. Qh4 f5 17. Qg3 Qxg3 18. hxg3 Rfd8 19. Rfe1 Kf7 20. Nd2 Bd5 21. Nc4 Rab8 22. Ne3 e6 23. Kf1 b5 24. Bc5 Na5 25. g4 Bf6 26. Nxd5 Rxd5 27. Rab1 e5 28. gxf5 gxf5 29. c4 Rxc5 30. dxc5 b4 31. Red1 Be7 32. Rd7 Nc6 33. Bd1 Ke6 34. Rd5 a5 35. Ba4 Nd4 36. Re1 Kf7 37. Rexe5 Bf6 38. Rd7+ Kg6 39. Red5 Ne6 40. c6 Rc8 41. Rxa5 Bc3 42. Rad5 Re8 43. g3 h5 44. R7d6 h4 45. c7 1-0

[Event "London Classic op U2050-B 11th"]
[Site "London"]
[Date "2019.12.02"]
[Round "1"]
[White "Stembridge, Edward"]
[Black "McDonnell, James J"]
[Result "1-0"]
[WhiteElo "1996"]
[BlackElo "1796"]
[PlyCount "67"]
[EventDate "2019.12.02"]
[EventType "swiss"]
[EventRounds "5"]
[EventCountry "ENG"]
[SourceTitle "CBM 195 Extra"]
[Source "ChessBase"]
[SourceDate "2020.05.31"]
[SourceVersion "1"]
[SourceVersionDate "2020.05.31"]
[SourceQuality "1"]

1. d4 d5 2. Nc3 Nf6 3. Bg5 Nbd7 4. e3 h6 5. Bh4 e6 6. a3 Be7 7. Bd3 c5 8. f4 cxd4 9. exd4 a6 10. Nf3 Nh5 11. Bxe7 Qxe7 12. Qd2 Nhf6 13. 0-0 0-0 14. Rae1 Qd6 15. Ne5 Nb8 16. Nd1 b5 17. c3 Nc6 18. Nf2 Rb8 19. Re3 Na5 20. Qe2 Nc4 21. Rg3 Re8 22. Nfg4 Nxg4 23. Qxg4 Qf8 24. Qh5 f5 25. Rg6 Nxe5 26. fxe5 Kh7 27. g4 Re7 28. gxf5 exf5 29. Bxf5 Bxf5 30. Rxf5 Qe8 31. Rff6 Kh8 32. Rxh6+ gxh6 33. Rxh6+ Kg8 34. Rh8+ 1-0

[Event "BCF-chT3S 1213 (4NCL)"]
[Site "England"]
[Date "2013.02.24"]
[Round "6.68"]
[White "Stembridge, Edward"]
[Black "Cumming, Rhys"]
[Result "0-1"]
[WhiteElo "2050"]
[BlackElo "2001"]
[PlyCount "60"]
[EventDate "2012.11.03"]
[EventType "team-swiss"]
[EventRounds "6"]
[EventCountry "ENG"]
[SourceTitle "EXT 2014"]
[Source "ChessBase"]
[SourceDate "2013.11.20"]
[SourceVersion "1"]
[SourceVersionDate "2013.11.20"]
[SourceQuality "1"]
[WhiteTeam "Oxford II"]
[BlackTeam "Sussex Smart Survivors"]
[WhiteTeamCountry "ENG"]
[BlackTeamCountry "ENG"]

1. e4 c5 2. Nf3 Nc6 3. Bb5 g6 4. 0-0 Bg7 5. Bxc6 dxc6 6. d3 b6 7. Nbd2 Ba6 8. Rb1 Qc7 9. a3 Rd8 10. Qe2 e5 11. b4 cxb4 12. axb4 Nf6 13. Bb2 Nd7 14. Ra1 Bc8 15. Nc4 0-0 16. Ng5 b5 17. Ne3 Nb6 18. c4 a6 19. cxb5 axb5 20. Nf3 Na4 21. Rac1 Qd6 22. Ba1 Bb7 23. Rfd1 Rfe8 24. Qe1 Qe7 25. Qe2 Qxb4 26. h4 Qe7 27. h5 Nc5 28. hxg6 hxg6 29. Bc3 Ne6 30. Qb2 Nd4 0-1

[Event "Margate Thanet op"]
[Site "Margate"]
[Date "2012.08.19"]
[Round "5"]
[White "Stembridge, Edward"]
[Black "Cutmore, Martin J"]
[Result "1-0"]
[WhiteElo "2059"]
[BlackElo "2044"]
[PlyCount "61"]
[EventDate "2012.08.17"]
[EventType "swiss"]
[EventRounds "5"]
[EventCountry "ENG"]
[SourceTitle "EXT 2019"]
[Source "ChessBase"]
[SourceDate "2018.10.10"]
[SourceVersion "1"]
[SourceVersionDate "2018.10.10"]
[SourceQuality "1"]

1. e4 c5 2. Nf3 e6 3. c3 Nf6 4. e5 Nd5 5. d4 cxd4 6. cxd4 d6 7. exd6 Bxd6 8. Bd3 Nc6 9. Nc3 Nf4 10. Bxf4 Bxf4 11. 0-0 0-0 12. Bc2 b6 13. Qd3 g6 14. Qe4 Nb4 15. Qxa8 Nxc2 16. Rab1 Nb4 17. Qe4 Bh6 18. a3 Na6 19. Qh4 Bg7 20. Qxd8 Rxd8 21. Rfd1 Bb7 22. Ne5 Nc7 23. Rbc1 f6 24. Nd3 Bh6 25. Rc2 Rxd4 26. Nb4 e5 27. Rxd4 exd4 28. Nd1 Ne6 29. f3 a5 30. Nc6 Kf7 31. Nxd4 1-0

[Event "BCF-chT3 0809 (4NCL)"]
[Site "Hinckley Island"]
[Date "2009.05.03"]
[Round "10.4"]
[White "Stembridge, Edward"]
[Black "White, Martin"]
[Result "1/2-1/2"]
[WhiteElo "2063"]
[BlackElo "1980"]
[PlyCount "57"]
[EventDate "2008.10.18"]
[EventType "team-swiss"]
[EventRounds "11"]
[EventCountry "ENG"]
[SourceTitle "EXT 2010"]
[Source "ChessBase"]
[SourceDate "2010.11.25"]
[SourceVersion "1"]
[SourceVersionDate "2010.11.25"]
[SourceQuality "1"]
[WhiteTeam "Oxford II"]
[BlackTeam "Bristol II"]
[WhiteTeamCountry "ENG"]
[BlackTeamCountry "ENG"]

1. e4 c5 2. Nf3 g6 3. c3 Bg7 4. d4 cxd4 5. cxd4 d5 6. e5 Bg4 7. Nbd2 f6 8. Qa4+ Nc6 9. exf6 exf6 10. Be2 Nge7 11. 0-0 0-0 12. h3 Be6 13. b4 a6 14. b5 axb5 15. Qxb5 Nf5 16. Qb2 Nd6 17. Re1 Qd7 18. Nb3 b6 19. Bf4 Nc4 20. Qc3 Ra3 21. Nfd2 N6a5 22. Qc1 Nxb3 23. axb3 Rxa1 24. Qxa1 Na5 25. Bf3 Bf7 26. Qa3 Re8 27. Rc1 Rc8 28. Re1 Re8 29. Rc1 1/2-1/2

[Event "BCF-chT3 0809 (4NCL)"]
[Site "Hinckley Island"]
[Date "2008.10.18"]
[Round "1.5"]
[White "James, Stephen B"]
[Black "Stembridge, Edward"]
[Result "0-1"]
[WhiteElo "2002"]
[BlackElo "2058"]
[PlyCount "52"]
[EventDate "2008.10.18"]
[EventType "team-swiss"]
[EventRounds "11"]
[EventCountry "ENG"]
[SourceTitle "EXT 2010"]
[Source "ChessBase"]
[SourceDate "2010.11.25"]
[SourceVersion "1"]
[SourceVersionDate "2010.11.25"]
[SourceQuality "1"]
[WhiteTeam "Mindsports"]
[BlackTeam "Oxford II"]
[WhiteTeamCountry "ENG"]
[BlackTeamCountry "ENG"]

1. e4 c5 2. Nf3 Nc6 3. Bb5 d6 4. 0-0 e5 5. c4 f5 6. exf5 Bxf5 7. d3 Nf6 8. Nc3 Be7 9. Ng5 0-0 10. f4 Nd4 11. Ba4 exf4 12. Bxf4 a6 13. Qd2 Rb8 14. Rae1 b5 15. Bd1 Qd7 16. Nce4 bxc4 17. dxc4 h6 18. Nxf6+ Bxf6 19. Ne4 Bxe4 20. Rxe4 Rxb2 21. Qa5 Qc6 22. Rfe1 Bh4 23. g3 Rxf4 24. gxf4 Bf2+ 25. Kh1 Bxe1 26. Qxe1 Ne2 0-1

[Event "BCF-chT4 0506 (4NCL)"]
[Site "West Bromwich"]
[Date "2006.02.12"]
[Round "6.3"]
[White "Stembridge, Edward"]
[Black "Spencer, Douglas"]
[Result "1-0"]
[WhiteElo "1960"]
[BlackElo "1902"]
[PlyCount "51"]
[EventDate "2005.11.05"]
[EventType "team"]
[EventRounds "11"]
[EventCountry "ENG"]
[SourceTitle "CBM 109 Extra"]
[Source "ChessBase"]
[SourceDate "2006.01.03"]
[SourceVersion "2"]
[SourceVersionDate "2006.01.03"]
[SourceQuality "1"]
[WhiteTeam "Oxford III"]
[BlackTeam "Celtic Tigers"]
[WhiteTeamCountry "ENG"]
[BlackTeamCountry "ENG"]

1. e4 e5 2. Nc3 d6 3. Bc4 Nf6 4. d3 Bg4 5. Nge2 Be7 6. f4 exf4 7. Bxf4 0-0 8. 0-0 Nbd7 9. Qd2 c6 10. a4 Ne5 11. Bb3 Ng6 12. Ng3 d5 13. Rae1 d4 14. Nce2 Bd6 15. Bxd6 Qxd6 16. Qg5 Ne5 17. h3 h6 18. Rxf6 Qb4 19. Qc1 gxf6 20. hxg4 Nxg4 21. Nf5 Rad8 22. Rf1 Qc5 23. Rf4 Ne3 24. Rf3 Qe5 25. Rxe3 dxe3 26. Qxe3 1-0

[Event "BCF-chT4 0506 (4NCL)"]
[Site "West Bromwich"]
[Date "2006.02.11"]
[Round "5.3"]
[White "Kenyon, Scott"]
[Black "Stembridge, Edward"]
[Result "1/2-1/2"]
[WhiteElo "1840"]
[BlackElo "1960"]
[PlyCount "33"]
[EventDate "2005.11.05"]
[EventType "team"]
[EventRounds "11"]
[EventCountry "ENG"]
[SourceTitle "CBM 109 Extra"]
[Source "ChessBase"]
[SourceDate "2006.01.03"]
[SourceVersion "2"]
[SourceVersionDate "2006.01.03"]
[SourceQuality "1"]
[WhiteTeam "Richmond II"]
[BlackTeam "Oxford III"]
[WhiteTeamCountry "ENG"]
[BlackTeamCountry "ENG"]

1. e4 c5 2. a3 e6 3. b4 Qf6 4. Nc3 cxb4 5. axb4 Bxb4 6. Bb2 Qg6 7. Nge2 Na6 8. Nb5 Nf6 9. Rxa6 bxa6 10. Nc7+ Kd8 11. Nxa8 Qxe4 12. Qa1 Nh5 13. c3 Nf4 14. f3 Nd3+ 15. Kd1 Nf2+ 16. Ke1 Nd3+ 17. Kd1 1/2-1/2

[Event "BCF-chT4 0506 (4NCL)"]
[Site "West Bromwich"]
[Date "2005.11.06"]
[Round "2.6"]
[White "Stembridge, Edward"]
[Black "Edwards, Roger J"]
[Result "0-1"]
[WhiteElo "1960"]
[BlackElo "1915"]
[PlyCount "64"]
[EventDate "2005.11.05"]
[EventType "team"]
[EventRounds "11"]
[EventCountry "ENG"]
[SourceTitle "CBM 109 Extra"]
[Source "ChessBase"]
[SourceDate "2006.01.03"]
[SourceVersion "2"]
[SourceVersionDate "2006.01.03"]
[SourceQuality "1"]
[WhiteTeam "Oxford II"]
[BlackTeam "Cheddleton"]
[WhiteTeamCountry "ENG"]
[BlackTeamCountry "ENG"]

1. e4 e5 2. Nc3 d6 3. Bc4 Nf6 4. f4 Nc6 5. Nf3 Be7 6. f5 Na5 7. Be2 c5 8. d3 a6 9. a4 Bd7 10. Bg5 b5 11. axb5 axb5 12. Bxf6 Bxf6 13. b4 cxb4 14. Nd5 0-0 15. h4 Bc6 16. Nxb4 Qb6 17. g4 d5 18. Nxc6 Nxc6 19. g5 Rxa1 20. Qxa1 dxe4 21. dxe4 Be7 22. Nxe5 Nd4 23. Bd3 Qc5 24. Nd7 Nxc2+ 25. Bxc2 Qxc2 26. 0-0 Qxe4 27. Nxf8 Bc5+ 28. Kh2 Qxh4+ 29. Kg2 Qg4+ 30. Kh2 Bd6+ 31. Kh1 Qh3+ 32. Kg1 Qh2# 0-1

[Event "BCF-chT4 0506 (4NCL)"]
[Site "West Bromwich"]
[Date "2005.11.05"]
[Round "1.1"]
[White "Bolt, Graham"]
[Black "Stembridge, Edward"]
[Result "1-0"]
[WhiteElo "2117"]
[BlackElo "1960"]
[PlyCount "159"]
[EventDate "2005.11.05"]
[EventType "team"]
[EventRounds "11"]
[EventCountry "ENG"]
[SourceTitle "CBM 109 Extra"]
[Source "ChessBase"]
[SourceDate "2006.01.03"]
[SourceVersion "2"]
[SourceVersionDate "2006.01.03"]
[SourceQuality "1"]
[WhiteTeam "Gloucestershire Gambits"]
[BlackTeam "Oxford III"]
[WhiteTeamCountry "ENG"]
[BlackTeamCountry "ENG"]

1. e4 c5 2. Nf3 Nc6 3. d4 cxd4 4. Nxd4 g6 5. c4 Bg7 6. Be3 Nf6 7. Nc3 0-0 8. Be2 d6 9. 0-0 Bd7 10. Rc1 a5 11. a4 Nxd4 12. Bxd4 Bc6 13. f3 Nd7 14. Bxg7 Kxg7 15. Qd4+ f6 16. b3 Qb6 17. Qxb6 Nxb6 18. Bd3 Nd7 19. Bc2 Nc5 20. Rcd1 Rad8 21. Rd2 Rf7 22. Re1 Rdf8 23. h3 Nd7 24. Ne2 Nc5 25. Nd4 Rd8 26. Re3 e5 27. Ne2 f5 28. Nc1 f4 29. Re1 Kf6 30. Nd3 Ne6 31. Red1 b6 32. Nc1 Ke7 33. Bd3 Nd4 34. Rb2 g5 35. Ne2 Ne6 36. Nc3 Nc5 37. Be2 h5 38. Ra1 Na6 39. Na2 Nb4 40. Nxb4 axb4 41. a5 Ra8 42. Rba2 bxa5 43. Rxa5 Rff8 44. Ra7+ Rxa7 45. Rxa7+ Kd8 46. Rg7 g4 47. hxg4 hxg4 48. Rxg4 Kc7 49. g3 Kb6 50. gxf4 Rxf4 51. Rg8 Kc5 52. Rc8 Rf7 53. Kf2 Ra7 54. Bd1 Ra2+ 55. Ke3 Ra1 56. Kd2 Ra2+ 57. Bc2 Ra1 58. Rc7 Rf1 59. Bd1 Rh1 60. Rg7 Be8 61. Rg8 Bh5 62. Rf8 Kd4 63. Rd8 Rh2+ 64. Kc1 Kc3 65. Rxd6 Ra2 66. Kb1 Rd2 67. c5 Be8 68. f4 Bb5 69. fxe5 Bd3+ 70. Kc1 Ra2 71. Rxd3+ Kxd3 72. Kb1 Ra5 73. c6 Rc5 74. Bg4 Kxe4 75. e6 Kd3 76. e7 Kd2 77. Bf5 Re5 78. c7 Rxf5 79. c8Q Rf1+ 80. Kb2 1-0